000 00433nam a2200145Ia 4500
008 100122s9999 xx 000 0 und d
082 _b43588
_a613
100 _aचौधरी माधव
245 _aआहार हेच औषध
260 _bगाला पब्लिशर्स
_c1989
300 _a270
630 _aआहार हेच औषध
730 _aआहार हेच औषध
942 _cBOOK
999 _c423615
_d423612